1705 1240 1560 1444 1026 1407 1461 1039 1772 1592 1639 1803 1953 1693 1285 1316 1560 1586 1622 1949 1460 1902 1602 1656 1598 1548 1568 1242 1138 1183 1162 1413 1057 1843 1029 1328 1146 1409 1171 1123 1313 1006 1021 1402 1184 1583 1086 1069 1996 1824 1703 1513 1381 1599 1988 1322 1392 1182 1577 1574 1170 1107 1152 1400 1089 1171 1375 1642 1607 1309 1963 1896 1961 1769 1663 1299 1498 1090 1584 1798 1715 1465 1655 1847 1347 1857 1788 1664 1831 1286 1775 1327 1993 1924 1909 1249 1692 1714 1820 BCNSPRNW ULIB Ver.6.0+V

เปลี่ยนเป็นภาษาไทย

Change to English
 แสดงรายละเอียดบรรณานุกรม
  กลับหน้าหลัก

Brief Record : Get Marc (ISO 2709) : E-mail record : QR code < ปิดหน้าต่าง
LEADER : 00000nam 2200000uu 4500
001    13399112103
003     ULIB
008    110627s2550||||th 000 0 tha d
020    9789748290263
090    นว.^bM111F 2550
100 0  M ay 112
245 00 Fighting land เทรักมัดหัวใจนายนักสู้/^cM ay 112
250    พิมพ์ครั้งที่ 1
260    กรุงเทพฯ :^bแจ่มใส,^c2550
300    218 หน้า
710 1  แจ่มใส
945    ^p159^l0^i022005
995    ทศพร
999 ^a ใช้งานได้ทุกระบบ
รายการนี้ยังไม่มีแท็ก
คุณยังไม่ได้ล็อกอิน คุณสามารถมีกิจกรรมร่วมกับเว็บไซต์ได้ แต่ต้องล็อกอินก่อน ::
  ล็อกอิน

รายการสื่อสารสนเทศ

ลำดับที่ ประเภท เลขเรียก/บาร์โค้ด สถานที่ สถานะ
- ไม่พบข้อมูล -

BibComment


ยังไม่เคยถูกคอมเมนท์

คอมเมนท์ทรัพยากรรายการนี้
  คอมเมนท์: Fighting land เทร..


 Copyright 2026. Bcnsprnw @Library